| 000 | 00900nam a22002417a 4500 | ||
|---|---|---|---|
| 999 |
_c20785 _d20785 |
||
| 003 | AR-CdUCM | ||
| 008 | 190605b ||||| |||| 00| 0 spa d | ||
| 040 |
_aMUNICIPALIDAD PROVINCIAL DEL CUSCO _cBIBLIOTECA MUNICIPAL DEL CUSCO |
||
| 041 | _hlat | ||
| 082 |
_a922.85 / _bH21 _22ed. |
||
| 100 |
_aHansen, Leonardo _943406 |
||
| 245 |
_aVida admirable de Sta. Rosa De Lima : _bPatrona del nuevo mundo / |
||
| 260 |
_aEspaña. _bEl santísimo rosario, _c1929 |
||
| 300 |
_a508 páginas ; _c21.5 cm |
||
| 500 | _a[libro reempastado] | ||
| 505 | _aContenido: Patria e infancia de Rosa -- Niñez de Rosa, sus inclinaciones y el voto que hizo de virginidad -- Educación de Santa Rosa... | ||
| 650 |
_aVida de Santa Rosa _943407 |
||
| 650 |
_aHistoria de Santa Rosa _943408 |
||
| 650 |
_aRosa de Lima _943409 |
||
| 700 |
_aParra, Jacinto (traducción) _943410 |
||
| 942 |
_2ddc _cLIBROS |
||
| 945 | _aAndy | ||